000
00273nam a22001097a 4500
008
170125b xxu||||| |||| 00| 0 eng d
020
_a
0867204044
041
_a
eng
080
_2
3RD
_a
618.2
245
_a
BASIC STEPS IN PLANNING NURSING RESEARCH
_c
BRINK, P.J
942
_2
udc
_c
BK
999
_c
3631
_d
3631